00708nam a2200205 4500999001900000005001700019010001500036020002600051035001400077037001300091082001200104100001900116245004700135260003300182270009400215300002400309500001900333942002600352952012400378 c170816d17081620191226145935.0 aENG-127251 a9789381068632c240.00 aEN-110783 bDBAD/PUB a005.133 aGoyal, Arunesh aThe essentials of JAVA /cby Arunesh Goyal aNew DelhibKhanna Publishing a4C/4344, Ansari RoadbDaryaganj, New Delhie110002k011-23244448mcontact@khannabooks.com axv;286p.c24cm(pbk) aIncludes index 2ddccENh005.133mGOY 001040708NFICaBL1bBL1d2019-12-26eDBAD/PUBg240.00l0o005.133 GOYpEN-110783r2019-12-26 00:00:00t1v240.00yEN